Представление документа в формате MARC21

Поле Инд. ПП Название Значение
Тип записи a
Библиографический уровень m
001 Контрольный номер 004737726
005 Дата корректировки 20150513112055.5
008 Кодируемые данные 101004s2010 y zzzz 000 1 rusdu
020 a ISBN 978-5-8114-1070-5
040 d Организация, изменившая запись RuMo
e Правила каталог. rcr
a Служба первич. каталог. НБ ТвГУ
041 a Код языка текста rus
080 a Индекс УДК 544.77(075.8)
084 a Индекс другой классификации/Индекс ББК Г6я73-1
090 a Полочн. индекс Г6
x Авторский знак Ф 88
100 1_ a Автор Фридрихсберг Дмитрий Александрович
q Полное имя Фридрихсберг Д. А.
245 10 a Заглавие Курс коллоидной химии
b Продолж. заглавия учебник
250 a Основные сведения об издании 4-е изд., испр. и доп.
260 a Место издания Санкт-Петербург
a Место издания Москва
a Место издания Краснодар
b Издательство Лань
c Дата издания 2010
300 a Объем 410, [1] с.
b Иллюстрации/ тип воспроизводства ил.
c Размеры 21 см
440 _0 a Серия Учебники для вузов
440 _0 a Серия Специальная литература
504 a Библиография Библиогр.: с. 404. - Предм. указ.: с.407-411
520 a Аннотация В учебнике изложены общие закономерности физикохимии дисперсных систем и поверхностных явлений, учение о поверхностных силах и адсорбции, устойчивости дисперсных систем, физическая химия высокомолекулярных соединений, мицеллообразование, свойства порошков, суспензий, эмульсий, поверхностных пленок и аэрозолей. Учебник предназначен студентам вузов. Полезен научным и инженерно-техническим работникам химической, металлургической, горно-обогатительной, силикатной, легкой, пищевой, фармацевтической и других отраслей промышленности.
653 a Ключевые слова Коллоидная химия
a Ключевые слова Учебники для вузов
a Ключевые слова Химия
901 t Тип документа m
920 a Оператор Стру
930 a Новая/Ретро учебники
952 c Вид литературы К ру
954 a Дата поступления на обработку 20111118